[Event "GER-ch Seniors Gp-B 19th"]
[Site "Templin"]
[Date "2007.08.30"]
[Round "8"]
[White "Hilbig, Klaus"]
[Black "Bonsack, Michael"]
[Result "1-0"]
[WhiteElo "1462"]
[BlackElo "1359"]
[PlyCount "29"]
[EventDate "2007.08.23"]
[EventType "swiss"]
[EventRounds "9"]
[EventCountry "GER"]
[SourceTitle "EXT 2022"]
[Source "ChessBase"]
[SourceDate "2021.10.06"]
[SourceVersion "1"]
[SourceVersionDate "2021.10.06"]
[SourceQuality "1"]

1. d4 Nf6 2. Nf3 e6 3. e3 c5 4. Bd3 d5 5. b3 Nbd7 6. Nbd2 Bd6 7. Bb2 Qc7 8. 0-0 0-0 9. c4 Re8 10. cxd5 exd5 11. Rc1 b6 12. dxc5 bxc5 13. Rc2 a5 14. Re1 Ba6 15. Bf5 1-0

[Event "GER-ch Seniors Gp-B 19th"]
[Site "Templin"]
[Date "2007.08.28"]
[Round "6"]
[White "Bertram, Marina"]
[Black "Bonsack, Michael"]
[Result "1/2-1/2"]
[WhiteElo "951"]
[BlackElo "1359"]
[PlyCount "26"]
[EventDate "2007.08.23"]
[EventType "swiss"]
[EventRounds "9"]
[EventCountry "GER"]
[SourceTitle "EXT 2022"]
[Source "ChessBase"]
[SourceDate "2021.10.06"]
[SourceVersion "1"]
[SourceVersionDate "2021.10.06"]
[SourceQuality "1"]

1. d4 Nf6 2. c4 e6 3. Nc3 Bb4 4. Bd2 c5 5. e3 0-0 6. Nf3 Nc6 7. a3 Bxc3 8. Bxc3 d5 9. dxc5 Ne4 10. Qc2 b6 11. Bd4 bxc5 12. Be5 Nxe5 13. Nxe5 Qa5+ 1/2-1/2